Počet hospitalizovaných s Covid-19 v Košiciach začal opäť stúpať

Bibliographic Details
Corporate Author: Tlačová agentúra Slovenskej republiky (Author)
Format: Article
Language:Slovak
PhysicalDescription:Fotografie
ISSN:2585-7355
Subjects:

MARC

LEADER 00000nab a2200000u 4500
001 vtls012007385
003 SK-MaSNL
005 20260303210802.0
008 201204|20201204xo ||||||| || ||slo|
038 |a KEVKJB 
040 |a KEVKJB  |b slo  |e rda 
041 0 |a slo 
043 |a e-xo--- 
044 |a xo  |c SK 
072 7 |a 616.9  |x Prenosné choroby. Infekčné a kontaktné choroby, horúčky  |2 konspekt 
080 |a 616.9:578.834  |2 2011 
110 2 |a Tlačová agentúra Slovenskej republiky  |4 aut  |9 177619 
245 0 0 |a Počet hospitalizovaných s Covid-19 v Košiciach začal opäť stúpať  |c [autor] (tasr) 
300 |b Fotografie 
336 |a text  |b txt  |2 rdacontent 
337 |a bez média  |b n  |2 rdamedia 
338 |a zväzok  |b nc  |2 rdacarrier 
610 2 7 |a Univerzitná nemocnica L. Pasteura Košice  |2 SNKKA  |9 155401 
650 0 7 |a COVID-19  |2 SNKPH  |9 201532 
651 7 |a Košice (Slovensko)  |2 SNKPHgeo  |9 18694 
773 0 |t Korzár  |g Roč. XXIII., č. 281 (4.12.2020), s. 2  |x 2585-7355 
852 |a KEVKJB  |b KIS3GCP 
958 |a MI 
999 |c 2201686  |d 2203616